[Event "Malmo Open"]
[Site "Malmo"]
[Date "2015.12.18"]
[Round "1.1"]
[White "Ask, Josef"]
[Black "Tikkanen, Hans"]
[Result "0-1"]
[WhiteElo "2180"]
[BlackElo "2515"]

1.d4 d5 2.c4 c6 3.Nf3 Nf6 4.Nc3 dxc4 5.a4 Bf5 6.e3 e6 7.Bxc4 Bb4 8.O-O O-O
9.Qe2 Bg4 10.h3 Bh5 11.Rd1 Nbd7 12.e4 Qe7 13.e5 Nd5 14.Nxd5 cxd5 15.Bd3 f5
16.a5 Nb8 17.a6 Nxa6 18.Bxa6 bxa6 19.Rxa6 Rab8 20.Qd3 Be8 21.Bg5 Qf7 22.
Qc2 Bb5 23.Ra2 Rfc8 24.Qb1 Be2 25.Rd3 Bxd3 26.Qxd3 f4 27.g3 fxg3 28.fxg3 
Rf8 29.Bf4 h6 30.h4 a5 31.b3 Rbc8 32.Rf2 Qf5 33.Qa6 Rc3 34.Kg2 Rxb3 35.h5 
Re8 36.Qc6 Qxh5 37.Nd2 Rc3 38.Qd7 Qf7 39.Qb5 Rf8 40.Rf1 Qg6 41.Qd7 Rxf4 
0-1

[Event "Malmo Open"]
[Site "Malmo"]
[Date "2015.12.18"]
[Round "1.2"]
[White "Andersson, Ulf"]
[Black "Persson, Birger"]
[Result "1-0"]
[WhiteElo "2512"]
[BlackElo "2179"]

1.d4 Nf6 2.c4 c5 3.Nf3 cxd4 4.Nxd4 e6 5.a3 a6 6.Nc3 Be7 7.Bg5 O-O 8.e3 Nc6
9.Be2 d6 10.O-O Bd7 11.Rc1 Rc8 12.Nf3 Qc7 13.b4 Rfd8 14.Qb3 Qb8 15.h3 h6 
16.Bh4 Be8 17.Rfd1 Nd7 18.Bxe7 Nxe7 19.Rc2 Nf6 20.Nd4 Nc6 21.Nf3 Ne7 22.
Rdc1 Bc6 23.Nd4 Be4 24.Nxe4 Nxe4 25.Bf3 Nf6 26.Qb2 Nd7 27.Be2 Nf6 28.Bf3 
Nd7 29.Be2 Nf6 30.Nb3 Nc6 31.Nd2 Ne7 32.Qb1 Nc6 33.Nf3 Ne7 34.Rd1 Nc6 35.
Qb2 Ne7 36.Ne1 Nc6 37.Nd3 Ne7 38.Rdc1 Nc6 39.Bf3 Ne7 40.a4 Nc6 41.a5 Nd7 
42.Be2 Nce5 43.Nf4 Nf6 44.Qd4 Nc6 45.Qb2 Ne5 46.Qb1 Ned7 47.Nd3 Nf8 48.b5 
N8d7 49.c5 Nxc5 50.Nxc5 dxc5 51.bxa6 bxa6 52.Qxb8 Rxb8 53.Rxc5 Rd6 54.Rc6 
Rbd8 55.Rxa6 Rxa6 56.Bxa6 Ra8 57.Rc8+ Rxc8 58.Bxc8 Nd5 59.Bb7 Nc7 60.Kf1 
Kf8 61.Ke2 Ke7 62.Kd3 Kd6 63.Kc4 Ne8 64.a6 Kc7 65.Kc5 Nd6 66.Bf3 Nc8 67.
Be2 Na7 68.f4 Nc6 69.Bb5 Na7 70.Be8 f6 71.Bf7 e5 72.fxe5 fxe5 73.Bd5 Nc8 
74.Bf3 Na7 75.Kd5 Kb6 76.Be2 Nc6 77.h4 g5 78.h5 Nb4+ 79.Kxe5 Nxa6 80.Bxa6 
Kxa6 81.Kf6 1-0

[Event "Malmo Open"]
[Site "Malmo"]
[Date "2015.12.18"]
[Round "1.3"]
[White "Christensen, Janus"]
[Black "Hector, Jonny"]
[Result "0-1"]
[WhiteElo "2167"]
[BlackElo "2499"]

1.e4 e5 2.Nf3 Nc6 3.Bb5 a6 4.Ba4 Nf6 5.O-O Bc5 6.c3 b5 7.Bc2 d5 8.exd5 
Qxd5 9.d4 exd4 10.Re1+ Be7 11.cxd4 Bg4 12.Bb3 Qh5 13.d5 Bxf3 14.Qxf3 Qxf3 
15.gxf3 Nd4 16.Bd1 Nxd5 17.Nc3 Nf6 18.Bf4 Ne6 19.Be5 Nd7 20.Bg3 O-O 21.
Bxc7 Bb4 22.Bg3 Rac8 23.Rc1 Ndc5 24.Re3 Rfd8 25.Ne4 f5 26.Nd6 Bd2 27.Rxe6 
Bxc1 28.Re7 f4 29.Nxc8 Rxd1+ 30.Kg2 fxg3 31.fxg3 Bxb2 32.Rc7 Ne6 33.Re7 
Ng5 0-1

[Event "Malmo Open"]
[Site "Malmo"]
[Date "2015.12.18"]
[Round "1.4"]
[White "Westerberg, Jonathan"]
[Black "Sigeman, Johan"]
[Result "1-0"]
[WhiteElo "2497"]
[BlackElo "2164"]

1.e4 e5 2.Nf3 Nc6 3.Nc3 Nf6 4.Be2 Be7 5.d4 exd4 6.Nxd4 O-O 7.Nxc6 dxc6 8.
Qxd8 Rxd8 9.O-O Bb4 10.Bd3 Re8 11.Re1 Ng4 12.Bd2 Ne5 13.Bf1 Be6 14.a3 Ba5 
15.Bf4 f6 16.b4 Bb6 17.Na4 Rad8 18.Nxb6 cxb6 19.Rad1 Kf8 20.f3 Nc4 21.a4 
Nb2 22.Ra1 Rd7 23.a5 b5 24.Be3 a6 25.c3 Bc4 26.Reb1 Bxf1 27.Rxb2 Bc4 28.
Bd4 Kf7 29.Kf2 Rc8 30.g4 h5 31.g5 fxg5 32.Rg1 g4 33.fxg4 h4 34.Ke3 Re8 35.
Rf2+ Kg8 36.g5 Rf7 37.Rxf7 Kxf7 38.g6+ Kg8 39.Rg4 Re6 40.Kf4 Be2 41.Rg2 
Bf1 42.Rg1 Bd3 43.Be5 h3 44.Rd1 Rxg6 45.Rxd3 1-0

[Event "Malmo Open"]
[Site "Malmo"]
[Date "2015.12.18"]
[Round "1.5"]
[White "Berggren Torell, Harald"]
[Black "Gdanski, Jacek"]
[Result "0-1"]
[WhiteElo "2164"]
[BlackElo "2492"]

1.e4 e6 2.d4 d5 3.Nc3 Bb4 4.e5 Ne7 5.a3 Bxc3+ 6.bxc3 c5 7.Qg4 Qc7 8.Bd3 c4
9.Be2 O-O 10.Nh3 Qa5 11.Bd2 Nbc6 12.Ng5 f6 13.Nxe6 Ng6 14.Qh3 Bxe6 15.
Qxe6+ Kh8 16.f4 Nxf4 17.Qg4 Nxe2 18.Qxe2 fxe5 19.dxe5 Nxe5 20.Rf1 Ng6 21.
O-O-O Rfe8 22.Qg4 Ne5 23.Qg3 Qxa3+ 24.Kb1 Re6 25.Be3 Ra6 26.Qh3 Qa1# 0-1

[Event "Malmo Open"]
[Site "Malmo"]
[Date "2015.12.18"]
[Round "1.6"]
[White "Stopa, Jacek"]
[Black "Guglielmi, Riccardo"]
[Result "1-0"]
[WhiteElo "2460"]
[BlackElo "2161"]

1.d4 Nf6 2.c4 c5 3.d5 b5 4.cxb5 a6 5.bxa6 Bxa6 6.Nc3 g6 7.Nf3 Bg7 8.g3 O-O
9.Bg2 d6 10.O-O Nbd7 11.Qc2 Ng4 12.Re1 Qa5 13.Bg5 Rfe8 14.Bh3 Nge5 15.Nd2 
Nf6 16.Nf1 Ra7 17.Bg2 Rb8 18.b3 h6 19.Bd2 Qd8 20.Rab1 Kh7 21.h3 Ne8 22.Ne3
Nc7 23.a4 Nd7 24.h4 h5 25.Ne4 Nf6 26.Ng5+ Kg8 27.Bc3 Bc8 28.Red1 Na6 29.
Nc4 Nb4 30.Qd2 Ba6 31.Qf4 Bxc4 32.Qxc4 Rab7 33.Rd2 Qf8 34.e4 Ng4 35.Bh3 
Ne5 36.Qe2 Nd7 37.Qf3 Bxc3 38.Qxc3 Qg7 39.Qxg7+ Kxg7 40.Bf1 Ne5 41.Kg2 Ra7
42.f4 Ng4 43.Kf3 Na6 44.Bc4 Nc7 45.Rc1 Rb4 46.Rc3 Na8 47.Bb5 Nc7 48.Bc6 
Ra6 49.Bd7 Nf6 50.Bh3 Rab6 51.Rdd3 Nce8 52.e5 Nh7 53.Ne4 f6 54.exd6 exd6 
55.Nd2 f5 56.Nc4 Rb8 57.Na5 Ra8 58.Nc6 Rb7 59.Ke2 Nhf6 60.Bg2 Ne4 61.Rc4 
N8f6 62.a5 Rb5 63.Ra4 Ra6 64.Ke1 Kf7 65.Bf1 Ra8 66.a6 Rb6 67.a7 Nxd5 68.
Nd8+ Ke7 69.Rxd5 Kxd8 70.Bg2 Nc3 71.Rd3 Nxa4 72.Bxa8 Ra6 73.bxa4 Rxa7 74.
Bc6 Kc7 75.Bb5 Ra8 76.Kd2 Rd8 77.Rd5 Rf8 78.Ke2 Rf7 79.Rd3 Rf6 80.Bc4 Kb6 
81.Rb3+ Ka5 82.Rb8 d5 83.Ra8+ Kb4 84.Bxd5 Rd6 85.Bf7 c4 86.Rb8+ Kc3 87.Rc8
Rd2+ 88.Ke1 Ra2 89.Rxc4+ Kd3 90.Rd4+ 1-0

[Event "Malmo Open"]
[Site "Malmo"]
[Date "2015.12.18"]
[Round "1.7"]
[White "Miskulin, Dennis"]
[Black "Karlsson, Lars"]
[Result "1-0"]
[WhiteElo "2161"]
[BlackElo "2450"]

1.e4 g6 2.d4 Bg7 3.Nc3 d6 4.Nf3 a6 5.a4 b6 6.Be2 Bb7 7.O-O Nd7 8.Re1 c5 9.
d5 Ngf6 10.Bf4 Qc7 11.h3 O-O 12.Nd2 Ne8 13.Nc4 Ne5 14.Ne3 e6 15.Bg3 g5 16.
Qd2 h6 17.h4 Qe7 18.hxg5 hxg5 19.Nc4 Nxc4 20.Bxc4 e5 21.Nd1 f5 22.exf5 
Rxf5 23.Ne3 Rf4 24.Bxf4 gxf4 25.Nf5 Qg5 26.Nxg7 Nxg7 27.Ra3 Nf5 28.Bd3 
Bxd5 29.Be4 Bxe4 30.Rxe4 Rf8 31.Rh3 Nd4 32.Rg3 1-0

[Event "Malmo Open"]
[Site "Malmo"]
[Date "2015.12.18"]
[Round "1.8"]
[White "Salomon, Johan"]
[Black "Nilsson, Patrik"]
[Result "1-0"]
[WhiteElo "2438"]
[BlackElo "2158"]

1.d4 f5 2.Nc3 d5 3.Nf3 Nf6 4.Bf4 a6 5.e3 e6 6.Bd3 c5 7.dxc5 Bxc5 8.O-O O-O
9.Ne2 Nc6 10.c4 Qb6 11.cxd5 Nxd5 12.Bc4 Nxf4 13.Nxf4 Na5 14.Qe2 Bd7 15.Ne5
Bc8 16.Rfd1 Nxc4 17.Nxc4 Qc7 18.Rac1 b5 19.Nd2 Qb6 20.Nb3 Be7 21.Nd4 e5 
22.Nd5 Qd6 23.Nc6 Bf6 24.Nb6 1-0

[Event "Malmo Open"]
[Site "Malmo"]
[Date "2015.12.18"]
[Round "1.9"]
[White "Agnar Kvamme, John"]
[Black "Semcesen, Daniel"]
[Result "0-1"]
[WhiteElo "2156"]
[BlackElo "2431"]

1.Nf3 d6 2.d4 f5 3.g3 Nf6 4.Bg2 g6 5.O-O Bg7 6.Nbd2 O-O 7.Re1 d5 8.c4 c6 
9.Ne5 Be6 10.Qb3 Qb6 11.c5 Qxb3 12.axb3 Nbd7 13.Ndf3 Ne4 14.Bf4 Ndf6 15.b4
a6 16.Red1 Rad8 17.Ne1 Nh5 18.N1f3 Bc8 19.Nd3 g5 20.Be5 Bh6 21.Nd2 Nxd2 
22.Rxd2 f4 23.gxf4 Nxf4 24.Nxf4 gxf4 25.Bf3 Bf5 26.Kh1 Kf7 27.Rg1 Rg8 28.
Rdd1 Be4 29.Rxg8 Rxg8 30.Rg1 Bxf3+ 31.exf3 Rxg1+ 32.Kxg1 Bg5 33.Kg2 Bf6 
34.Bxf4 Bxd4 35.Bc1 Kg6 36.f4 Kf5 37.f3 Bg7 0-1

[Event "Malmo Open"]
[Site "Malmo"]
[Date "2015.12.18"]
[Round "1.10"]
[White "Brynell, Stellan"]
[Black "Gutzmann, Tobias"]
[Result "1-0"]
[WhiteElo "2421"]
[BlackElo "2148"]

1.d4 d5 2.Nf3 Nf6 3.c4 c6 4.Nc3 dxc4 5.a4 Bf5 6.Ne5 Nbd7 7.Nxc4 Qc7 8.g3 
e5 9.dxe5 Nxe5 10.Bf4 Nfd7 11.Bg2 g5 12.Bxe5 Nxe5 13.Qd4 f6 14.Ne3 Be6 15.
a5 Bg7 16.Qc5 Bf8 17.Qd4 Bg7 18.Qb4 Kf7 19.Ne4 Bf8 20.Qc3 b6 21.O-O Be7 
22.f4 gxf4 23.Rxf4 Rhf8 24.Ng5+ 1-0

[Event "Malmo Open"]
[Site "Malmo"]
[Date "2015.12.19"]
[Round "2.1"]
[White "Tikkanen, Hans"]
[Black "Kristensen, Kaare"]
[Result "1/2-1/2"]
[WhiteElo "2515"]
[BlackElo "2324"]

1.e4 c5 2.Nf3 Nc6 3.Bb5 Nf6 4.Bxc6 dxc6 5.d3 Bg4 6.h3 Bh5 7.g4 Bg6 8.Nbd2 
Nd7 9.Nh4 e6 10.Ndf3 Bd6 11.Be3 Ne5 12.Nxe5 Bxe5 13.Nxg6 hxg6 14.c3 Qa5 
15.Qb3 O-O-O 16.O-O-O Rd7 17.d4 cxd4 18.cxd4 Bf6 19.Rd3 Bg5 20.f4 Be7 21.
Kb1 Qb4 22.Qc2 Qa5 23.Rhd1 f5 24.Bd2 Qb5 25.gxf5 gxf5 26.Rb3 Qe2 27.exf5 
exf5 28.d5 Rxd5 29.Re3 Qf2 30.Rxe7 Rhd8 31.Kc1 Rxd2 32.Rxd2 Qg1+ 33.Rd1 
Rxd1+ 34.Qxd1 Qc5+ 35.Qc2 Qxe7 36.Qxf5+ Kc7 37.Qa5+ Kc8 38.Qf5+ 1/2-1/2

[Event "Malmo Open"]
[Site "Malmo"]
[Date "2015.12.19"]
[Round "2.3"]
[White "Hector, Jonny"]
[Black "Lindh, Fredrik"]
[Result "1/2-1/2"]
[WhiteElo "2499"]
[BlackElo "2272"]

1.e4 c5 2.Nf3 Nc6 3.Nc3 Nf6 4.Bb5 Qc7 5.d3 Nd4 6.Bc4 e6 7.Nxd4 cxd4 8.Nb5 
Qc5 9.Bf4 e5 10.Bd2 a6 11.Na3 b5 12.b4 Qc6 13.Bb3 a5 14.O-O a4 15.Bd5 Nxd5
16.exd5 Qxd5 17.f4 Bd6 18.c4 dxc3 19.Bxc3 O-O 20.fxe5 Bb7 21.Qf3 Qxf3 22.
gxf3 Rac8 23.Nxb5 Bb8 24.Bd4 Ba6 25.Nc3 Bxd3 26.Rfd1 Bc2 27.Rd2 Rc4 28.Rc1
Bf5 29.Kg2 Rfc8 30.a3 f6 31.f4 fxe5 32.fxe5 R8c6 33.Rf1 Rg6+ 34.Kf3 Rg4 
35.Ke3 g6 36.Rf4 Rxf4 37.Kxf4 Kf7 38.Nxa4 d6 39.exd6 Bxd6+ 40.Ke3 g5 41.
Nb6 Bf4+ 42.Kf3 Rc1 43.Be3 Rc3 44.Nd5 Bxe3 45.Nxe3 Rxa3 46.Rd5 g4+ 47.Kf4 
Be6 48.Rh5 Rb3 49.Rxh7+ Kg6 50.Rb7 Rb2 51.Rb6 Kf7 52.Ke5 Re2 53.Rb7+ Kg6 
54.Kf4 Rf2+ 55.Ke5 Re2 56.Kxe6 Rxe3+ 57.Kd5 Re2 58.Rb8 Rxh2 59.Rg8+ Kf5 
60.b5 Rd2+ 61.Kc4 Rb2 62.Kc5 Kf4 63.Rf8+ Ke3 64.Rg8 Kf3 65.Rf8+ Ke3 66.b6 
g3 67.Rg8 g2 68.Kc6 Rxb6+ 69.Kxb6 Kf2 70.Rxg2+ 1/2-1/2

[Event "Malmo Open"]
[Site "Malmo"]
[Date "2015.12.19"]
[Round "2.4"]
[White "Burwick, Malte"]
[Black "Westerberg, Jonathan"]
[Result "0-1"]
[WhiteElo "2239"]
[BlackElo "2497"]

1.Nf3 d5 2.g3 Nf6 3.Bg2 g6 4.O-O Bg7 5.d3 O-O 6.Nbd2 c5 7.e4 e6 8.c3 Nc6 
9.a3 a5 10.Re1 b6 11.e5 Ne8 12.Nf1 Ra7 13.h4 f6 14.exf6 Nxf6 15.Bf4 Nh5 
16.Bg5 Qd6 17.d4 Raf7 18.Be3 h6 19.Rc1 Kh7 20.Rc2 Bb7 21.Rd2 cxd4 22.cxd4 
Rc7 23.Qb1 Re7 24.N1h2 e5 25.dxe5 Nxe5 26.Nxe5 Qxe5 27.f4 Qd6 28.Bf2 Rfe8 
29.Rxe7 Rxe7 30.Ng4 d4 31.Bxb7 Rxb7 32.Qe4 Re7 33.Qd3 Qd5 34.Kh2 Re4 35.
Qf3 Qf5 36.Kh3 Nxf4+ 37.gxf4 Rxf4 0-1

[Event "Malmo Open"]
[Site "Malmo"]
[Date "2015.12.19"]
[Round "2.5"]
[White "Gdanski, Jacek"]
[Black "Lind, Jan-Olov"]
[Result "1-0"]
[WhiteElo "2492"]
[BlackElo "2235"]

1.e4 c5 2.Nc3 e6 3.Nge2 d6 4.d4 cxd4 5.Nxd4 a6 6.Bd3 Nf6 7.O-O Be7 8.Be3 
b5 9.a4 b4 10.Na2 e5 11.Nf3 Nc6 12.c4 bxc3 13.Nxc3 O-O 14.h3 Rb8 15.Qe2 
Nb4 16.Bc4 Qc7 17.a5 Qb7 18.Bg5 h6 19.Bxf6 Bxf6 20.Rfd1 Be7 21.b3 Be6 22.
Nd5 Nxd5 23.exd5 Bc8 24.b4 Qxb4 25.Bxa6 Bxa6 26.Qxa6 Ra8 27.Qb6 Rfb8 28.
Qxb4 Rxb4 29.Ra2 Ra6 30.Rc1 Rb7 31.Rc6 Rba7 32.Rxa6 Rxa6 33.Nd2 Kf8 34.Nc4
Ke8 35.Rb2 Ra7 36.Rb6 Kd7 37.a6 Rc7 38.Na5 Bd8 39.Nc6 Ra7 40.Rb7+ Rxb7 41.
axb7 Bc7 42.g4 g6 43.h4 h5 44.g5 1-0

[Event "Malmo Open"]
[Site "Malmo"]
[Date "2015.12.19"]
[Round "2.6"]
[White "Jakobsen, Peter"]
[Black "Stopa, Jacek"]
[Result "0-1"]
[WhiteElo "2233"]
[BlackElo "2460"]

1.Nf3 d5 2.c4 d4 3.g3 Nc6 4.Bg2 e5 5.O-O a5 6.d3 Be7 7.e3 Nf6 8.exd4 exd4 
9.Re1 O-O 10.Na3 Bb4 11.Rf1 h6 12.Nb5 Ne8 13.a3 Bc5 14.b3 Nd6 15.Nxd6 Bxd6
16.Bb2 Be7 17.Re1 Bf6 18.Nd2 Ra6 19.Rb1 Be7 20.Bd5 Kh8 21.Qh5 f5 22.f4 Bf6
23.Nf3 Rb6 24.Ba1 Bd7 25.Be6 Ne7 26.Bxd7 Qxd7 27.Ne5 Bxe5 28.Rxe5 Nc6 29.
Re2 Qf7 30.Qf3 Rd8 31.Qf1 Qf8 32.Qc1 Qc5 33.Re6 Kg8 34.Qe1 Qxa3 35.Re8+ 
Rxe8 36.Qxe8+ Qf8 37.Qe6+ Qf7 38.Qe1 Ra6 39.Bb2 Ra8 40.Qf2 Rd8 41.Ba3 Re8 
42.Bc5 Qf6 43.Re1 Rxe1+ 44.Qxe1 Kf7 45.b4 b6 46.b5 bxc5 47.bxc6 a4 48.Qa5 
Qxc6 0-1

[Event "Malmo Open"]
[Site "Malmo"]
[Date "2015.12.19"]
[Round "2.7"]
[White "Malekian, Babak"]
[Black "Salomon, Johan"]
[Result "1/2-1/2"]
[WhiteElo "2232"]
[BlackElo "2438"]

1.d4 d5 2.Nf3 Nf6 3.Bf4 g6 4.h3 Bg7 5.e3 O-O 6.Bd3 c5 7.Nbd2 Nfd7 8.O-O 
Nc6 9.c3 e5 10.Nxe5 Ndxe5 11.dxe5 Nxe5 12.Be2 Qb6 13.Qb3 Be6 14.Nf3 Nc4 
15.Bxc4 dxc4 16.Qxb6 axb6 17.Rfd1 Rfe8 18.Be5 f6 19.Bf4 b5 20.a3 Red8 21.
Rd6 Rxd6 22.Bxd6 Rc8 23.Rd1 Bf5 24.Bf4 g5 25.Bg3 Bd3 26.Ne1 Bf8 27.f3 Bf5 
28.e4 Be6 29.Nc2 f5 30.exf5 Bxf5 31.Ne3 Bd3 32.h4 gxh4 33.Bxh4 b4 34.axb4 
cxb4 35.Nd5 bxc3 36.bxc3 Kf7 37.Nf4 Bf5 38.g4 Be6 39.Bf2 b5 40.Nxe6 Kxe6 
41.Bd4 b4 42.cxb4 Bxb4 43.Rb1 Bd2 44.Kf2 c3 45.Be3 Bxe3+ 46.Kxe3 Kd5 47.
Kd3 Ke5 48.Kc2 Kf4 49.Rb7 h6 50.Rb6 Kxf3 1/2-1/2

[Event "Malmo Open"]
[Site "Malmo"]
[Date "2015.12.19"]
[Round "2.8"]
[White "Semcesen, Daniel"]
[Black "Kjems Hove, Esben"]
[Result "1-0"]
[WhiteElo "2431"]
[BlackElo "2224"]

1.d4 d5 2.c4 c6 3.Nf3 Nf6 4.Qb3 e6 5.Bg5 Nbd7 6.Nc3 Qb6 7.e3 Qxb3 8.axb3 
Bb4 9.Bd3 Ne4 10.Bxe4 dxe4 11.Nd2 f5 12.f3 exf3 13.Nxf3 O-O 14.O-O b6 15.
e4 h6 16.Bd2 Nf6 17.exf5 exf5 18.Ne5 c5 19.d5 Bxc3 20.Bxc3 Ne4 21.b4 Re8 
22.Nd3 cxb4 23.Bxb4 a5 24.Be1 Bd7 25.Rf3 Rac8 26.b3 a4 27.Nb2 axb3 28.Rxb3
Nd6 29.Rxb6 Nxc4 30.Rb7 Nxb2 31.Rxb2 Rc4 32.Bf2 Rec8 33.Re1 Rc1 34.Rb7 Be8
35.Re7 Rxe1+ 36.Bxe1 Bf7 37.d6 Rd8 38.d7 Ra8 39.Ba5 1-0

[Event "Malmo Open"]
[Site "Malmo"]
[Date "2015.12.19"]
[Round "2.9"]
[White "Nilsson, Anders"]
[Black "Brynell, Stellan"]
[Result "0-1"]
[WhiteElo "2222"]
[BlackElo "2421"]

1.d4 e6 2.e4 d5 3.exd5 exd5 4.c4 Nf6 5.Nc3 Be7 6.Nf3 O-O 7.Bd3 dxc4 8.Bxc4
Nbd7 9.O-O Nb6 10.Bb3 c6 11.Re1 Nbd5 12.Bg5 Be6 13.Ne5 Qc7 14.Qf3 Rad8 15.
Rac1 Qd6 16.h3 Nc7 17.Bf4 Bxb3 18.axb3 Ne6 19.Ng6 Nxf4 20.Nxe7+ Kh8 21.Nf5
Qb8 22.Re5 Ng6 23.Rce1 Rxd4 24.Nxd4 Nxe5 25.Qf5 Ng6 26.Qc5 h6 27.Nf5 Rd8 
28.h4 Qf4 29.g3 Qg4 30.Ne3 Qf3 31.Qxa7 Rd2 32.Nf1 Rxb2 33.Re3 Qxf2+ 0-1

[Event "Malmo Open"]
[Site "Malmo"]
[Date "2015.12.19"]
[Round "2.10"]
[White "Ottenklev, Niclas"]
[Black "Lindgren, Philip"]
[Result "0-1"]
[WhiteElo "2219"]
[BlackElo "2418"]

1.e4 e5 2.Nf3 Nc6 3.d4 exd4 4.Bc4 Nf6 5.e5 Ng4 6.Bxf7+ Kxf7 7.Ng5+ Kg8 8.
Qxg4 h6 9.Nf3 d6 10.e6 Qf6 11.O-O Bxe6 12.Qg3 Kh7 13.Nbd2 Bf5 14.c3 dxc3 
15.bxc3 d5 16.Qxc7 Bd6 17.Qxb7 Bd3 18.Re1 Rab8 19.Qd7 Bf5 20.Qxc6 Bxh2+ 
21.Kxh2 Qxc6 22.Nb3 Be4 23.Bf4 Rbe8 24.Nfd4 Qxc3 25.Rac1 Qb4 26.f3 Bd3 27.
Ne6 Rxe6 0-1

[Event "MSF Open"]
[Site "Malmo"]
[Date "2015.12.19"]
[Round "2.11"]
[White "Greibrokk, Maria"]
[Black "Ng, Agnes"]
[Result "1-0"]
[WhiteElo "1592"]
[BlackElo "1438"]

1.e4 c5 2.Nf3 Nc6 3.d4 cxd4 4.Nxd4 g6 5.Nc3 Bg7 6.Be3 Nf6 7.f3 O-O 8.Qd2 
a6 9.O-O-O d6 10.g4 Bd7 11.h4 Qc7 12.h5 Nxd4 13.Bxd4 Be6 14.Be3 b5 15.a3 
Rac8 16.Bh6 Qd7 17.hxg6 fxg6 18.Bxg7 Kxg7 19.Qh6+ Kf7 20.e5 Ng8 21.Qxh7+ 
Ke8 22.exd6 exd6 23.Qxg6+ Bf7 24.Qxd6 Qxd6 25.Rxd6 Ra8 26.Bd3 Ke7 27.Rb6 
Ra7 28.f4 Nf6 29.Re1+ Kd8 30.Rxf6 Rg8 31.g5 Re8 32.Rxe8+ Kxe8 33.Bg6 Bxg6 
34.Rxg6 Rf7 35.Rf6 Rxf6 36.gxf6 Kf7 37.Nd5 Ke6 38.Kd2 1-0

[Event "MSF Open"]
[Site "Malmo"]
[Date "2015.12.19"]
[Round "2.12"]
[White "Ben Hamida, Anis"]
[Black "Jorgensen, Stein"]
[Result "1-0"]
[WhiteElo "1592"]
[BlackElo "1433"]

1.e4 c5 2.Nf3 e6 3.c3 Nf6 4.e5 Nd5 5.Bc4 Nc6 6.Bxd5 exd5 7.d4 cxd4 8.cxd4 
Bb4+ 9.Nc3 O-O 10.O-O Bxc3 11.bxc3 d6 12.Ba3 Bg4 13.Bxd6 Re8 14.Rb1 Na5 
15.Qd3 Re6 16.Nd2 Rg6 17.f4 Qh4 18.f5 Rh6 19.Qg3 Qh5 20.Qf4 Bxf5 21.Qxf5 
Qxh2+ 22.Kf2 Qh4+ 23.Ke2 Rg6 24.Qxf7+ Kh8 25.Qf8+ 1-0

[Event "Malmo Open"]
[Site "Malmo"]
[Date "2015.12.19"]
[Round "3.1"]
[White "Hogeman, Joel"]
[Black "Westerberg, Jonathan"]
[Result "0-1"]
[WhiteElo "2015"]
[BlackElo "2497"]

1.d4 d5 2.c4 dxc4 3.Nf3 Nf6 4.e3 b5 5.a4 b4 6.Bxc4 e6 7.O-O Be7 8.Qe2 Bb7 
9.Rd1 O-O 10.Nbd2 c5 11.Nb3 Nbd7 12.a5 a6 13.Bd2 cxd4 14.exd4 Qb8 15.h3 
Bd6 16.Re1 Ne4 17.Be3 Re8 18.Rad1 Bd5 19.Nbd2 Nxd2 20.Nxd2 Qb7 21.Bxd5 
Qxd5 22.Nc4 Bc7 23.Ra1 Rab8 24.Nb6 Nxb6 25.axb6 Rxb6 26.Rxa6 Qd6 27.g3 
Rxa6 28.Bf4 e5 29.Bxe5 Qg6 30.Qb5 Raa8 0-1

[Event "Malmo Open"]
[Site "Malmo"]
[Date "2015.12.19"]
[Round "3.2"]
[White "Bengtsson, Jessica"]
[Black "Gdanski, Jacek"]
[Result "0-1"]
[WhiteElo "2014"]
[BlackElo "2492"]

1.e4 e6 2.d4 d5 3.e5 c5 4.c3 Nc6 5.Nf3 Bd7 6.Be2 Nge7 7.Na3 Nf5 8.Nc2 cxd4
9.cxd4 Qb6 10.O-O Be7 11.b3 Rc8 12.Bb2 Nb4 13.Nxb4 Bxb4 14.Qd3 a6 15.a4 
O-O 16.Rac1 h6 17.Rxc8 Rxc8 18.Rc1 Rc6 19.Rxc6 Qxc6 20.Bd1 b5 21.axb5 Qxb5
22.Bc2 Qxd3 23.Bxd3 Bb5 24.Bc2 Be2 25.h3 Bxf3 26.gxf3 Nh4 27.Bd1 a5 28.Kf1
Kf8 29.Ke2 Ke7 30.Bc2 Kd7 31.Bd3 Kc6 32.Bc2 Nf5 33.Kd3 Be7 34.Bc1 Bd8 35.
Bd1 Bb6 36.Bb2 Kb5 37.Bc3 Bd8 38.Bd2 Bg5 39.f4 Bh4 40.Be1 Be7 41.Bh5 g6 
42.Bd1 Bb4 43.Bc3 Bxc3 44.Kxc3 Nh4 45.Be2+ Kb6 46.Bf1 Nf3 47.Be2 Nh4 48.
Bf1 Nf5 49.Be2 Ne7 50.Bd1 Nc6 51.Be2 Na7 52.Bf1 Nb5+ 53.Kd3 Kc6 54.Be2 Kb6
55.Bf1 Na7 56.Be2 Nc6 57.Kc3 Na7 58.Bf1 Nb5+ 59.Kd3 Kc6 60.Be2 Kb7 61.Bf1 
Kb6 62.Be2 Na7 63.Kc3 Nc8 64.Bf1 Ne7 65.Be2 Nf5 66.Bf1 Nh4 67.Be2 Ng2 68.
Kd2 Nxf4 69.Bf1 g5 70.Ke3 Ng6 71.Bd3 Ne7 72.f4 Nf5+ 0-1

[Event "Malmo Open"]
[Site "Malmo"]
[Date "2015.12.19"]
[Round "3.3"]
[White "Sollenborn, Jorgen"]
[Black "Stopa, Jacek"]
[Result "0-1"]
[WhiteElo "1998"]
[BlackElo "2460"]

1.e4 d6 2.d4 Nf6 3.Nc3 e5 4.Nf3 Nbd7 5.Bc4 Be7 6.O-O O-O 7.a4 c6 8.Qe2 a5 
9.b3 Qc7 10.Bb2 h6 11.Rad1 Re8 12.h3 Bf8 13.dxe5 dxe5 14.Rd2 Nb6 15.Bd3 
Nh5 16.Nh2 Nf4 17.Qf3 Bb4 18.Rdd1 Nd7 19.Ne2 Nxd3 20.Qxd3 Nc5 21.Qe3 Ne6 
22.Kh1 f6 23.Qf3 b5 24.Bc1 bxa4 25.bxa4 Ba6 26.Rg1 Rad8 27.Ng4 Ng5 28.Bxg5
hxg5 29.Ng3 Bc8 30.Ne3 Bc5 31.Ngf5 Bxe3 32.Nxe3 Rd4 33.Nf5 Bxf5 34.exf5 c5
35.Rb1 e4 36.Qb3+ Kh7 37.c3 Rd3 38.Qb5 Qe5 39.Rgf1 Red8 40.Qxa5 Qxf5 41.
Qc7 Qc8 42.Qxc8 Rxc8 43.Rfc1 Rd2 44.Kg1 Ra8 45.Ra1 Rb2 46.Ra3 Ra5 47.Kf1 
Kg6 48.Ke1 Kf5 49.Kf1 Ke5 50.Ke1 c4 51.Kf1 f5 52.Ke1 f4 53.Kf1 f3 54.Raa1 
Rd5 55.Rd1 Rxd1+ 56.Rxd1 Ra2 57.Kg1 Rxa4 58.Rd8 Ra3 59.Re8+ Kd5 60.Rd8+ 
Kc5 61.Rc8+ Kb5 62.Rb8+ Kc5 63.Rc8+ Kd5 64.Rd8+ Ke5 65.Re8+ Kd5 66.Rd8+ 
Ke6 67.Re8+ Kf7 68.Rxe4 Rxc3 69.gxf3 Kf6 70.Kg2 Rc1 71.Kg3 Kf5 72.Re8 c3 
73.Kg2 Kf6 74.Kg3 Kf7 75.Re5 Kf6 76.Re8 Rg1+ 77.Kh2 c2 78.Kxg1 c1=Q+ 79.
Kg2 Qc6 80.Rf8+ Ke5 81.Rf7 g6 82.Ra7 Kd4 83.Ra1 Kd3 84.Rd1+ Ke2 85.Ra1 
Qxf3+ 86.Kg1 Qxf2+ 87.Kh1 Qf3+ 88.Kg1 Qg3+ 89.Kh1 Qxh3+ 90.Kg1 Qg4+ 91.Kh1
Qh4+ 92.Kg1 Qd4+ 0-1

[Event "Malmo Open"]
[Site "Malmo"]
[Date "2015.12.19"]
[Round "3.4"]
[White "Lundgren, Ulf"]
[Black "Semcesen, Daniel"]
[Result "0-1"]
[WhiteElo "1986"]
[BlackElo "2431"]

1.e4 d6 2.d4 Nf6 3.Nc3 Nbd7 4.Nf3 e5 5.Bc4 Be7 6.O-O O-O 7.Re1 c6 8.a4 a5 
9.h3 Nb6 10.Bb3 Nfd7 11.Be3 exd4 12.Nxd4 Nc5 13.Bf4 Be6 14.Bxe6 fxe6 15.
Bg3 Qe8 16.Qe2 Qf7 17.e5 d5 18.Qg4 h5 19.Qe2 Qg6 20.Nf3 Rf7 21.Rf1 Raf8 
22.Kh1 Qh6 23.b3 Nc8 24.Rad1 Nd7 25.Bh4 Rxf3 26.Bxe7 Rxc3 27.Bxf8 Nxf8 28.
f4 Qg6 29.Rf2 Ne7 30.Qd2 Qg3 31.Rdf1 Qe3 32.Qd1 Nf5 33.Rf3 Ng3+ 34.Kh2 
Nxf1+ 35.Qxf1 Qd4 0-1

[Event "Malmo Open"]
[Site "Malmo"]
[Date "2015.12.19"]
[Round "3.5"]
[White "Valet, Richard"]
[Black "Brynell, Stellan"]
[Result "1/2-1/2"]
[WhiteElo "1979"]
[BlackElo "2421"]

1.e4 e6 2.d4 d5 3.e5 c5 4.c3 Nc6 5.Nf3 Bd7 6.a3 c4 7.g3 Na5 8.Nbd2 Bc6 9.
Rb1 Ne7 10.h4 Qd7 11.b3 cxb3 12.Nxb3 Ba4 13.Nfd2 Rc8 14.Qf3 Nxb3 15.Nxb3 
Nc6 16.Bd3 a6 17.Nd2 Na5 18.O-O h5 19.Re1 Be7 20.Qe3 g6 21.Nf3 Nc4 22.Bxc4
dxc4 23.Ng5 Bxg5 24.Qxg5 Bc6 25.Re3 Qd5 26.f3 Kd7 27.a4 Kc7 28.Ba3 Kb8 29.
Qe7 Qd7 30.a5 Qxe7 31.Bxe7 Bd5 32.Rb6 Rc6 33.Bc5 Rxb6 34.Bxb6 Kc8 35.Kg2 
Kd7 36.Re1 Kc6 37.Rb1 Rg8 38.Bc5 Kd7 39.Rb6 Bc6 40.Rb4 Bb5 41.f4 Kc6 42.
Kf3 Kd5 43.Be7 Re8 44.Bc5 Rc8 45.Be7 Rc6 46.Bc5 Rc7 47.Bf8 Rd7 48.Bc5 Rd8 
49.Bb6 Rc8 50.Bc5 Kc6 51.Bb6 Kd7 52.Bc5 Bc6+ 53.Ke3 Bd5 54.Bb6 f6 55.exf6 
Rf8 56.Bc5 Rxf6 57.Bb6 Rf8 58.Bc5 Rc8 59.Bb6 Ke8 60.Bc5 Kf7 61.Rb6 Bc6 62.
Rb4 Bb5 63.Rb2 Kf6 64.Kf2 Rd8 65.Re2 Bc6 66.Re5 Bd5 67.Bb6 Rc8 68.Bc5 Rd8 
69.Bb6 Rd6 70.Bc5 Rd7 71.Bb6 Bc6 72.Ke3 Rd5 73.Rxd5 Bxd5 74.Bd8+ Kf7 75.
Kd2 Ke8 76.Bb6 Kd7 77.Ke3 Kc6 78.Kd2 Kb5 79.Kc2 Be4+ 80.Kb2 Bf5 81.Bd8 Kc6
82.Ka3 Bd3 83.Kb4 Kd5 84.Bg5 Be2 85.Bd8 Ke4 86.Kc5 Kd3 87.Kb4 Bf3 88.Bf6 
Bd5 89.Bd8 Ke4 90.Bg5 Kf3 91.Kc5 Kxg3 92.Kb4 Kf3 93.Kc5 Ke4 94.Kb4 Kd3 95.
Bf6 Bc6 96.Bg5 Bb5 97.Bf6 Ke4 98.Bg5 Kd5 99.Bf6 Kc6 100.Bg5 b6 101.axb6 
Kxb6 102.Bd8+ Kc6 103.Bg5 Kd5 104.Bd8 Ke4 105.Bg5 Kd3 106.Bd8 Bc6 107.Bc7 
Bd5 108.Bd8 Bc6 109.Bf6 Bd7 110.Bd8 Bb5 111.Bf6 Ke4 112.Bg5 Kf5 113.Ka5 
Ke4 114.Kb4 Kd5 115.Ka5 Kc6 116.Kb4 Kb6 117.Bd8+ Kc6 118.Bg5 Kd5 119.Ka5 
Ke4 120.Kb4 Kd3 121.Bd8 Bd7 122.Bc7 Bc6 123.Be5 Bd5 124.Bc7 Ke4 125.Ka5 
Kf5 126.Kxa6 Kg4 127.Bd8 Kxf4 128.Kb5 1/2-1/2

[Event "Malmo Open"]
[Site "Malmo"]
[Date "2015.12.19"]
[Round "3.6"]
[White "Tegler, Erik"]
[Black "Lindgren, Philip"]
[Result "1-0"]
[WhiteElo "1960"]
[BlackElo "2418"]

1.e4 e5 2.Nf3 Nc6 3.Bb5 a6 4.Ba4 Nf6 5.O-O Be7 6.d3 b5 7.Bb3 d6 8.c3 O-O 
9.Re1 Na5 10.Bc2 c5 11.Nbd2 Nc6 12.Nf1 Re8 13.Ng3 Bf8 14.Nd2 g6 15.Ndf1 
Bg7 16.Bg5 h6 17.Bd2 Be6 18.Bb3 d5 19.exd5 Nxd5 20.Ne4 Qe7 21.Ne3 Rad8 22.
Qf3 Nf4 23.Bxe6 Nxe6 24.Ng4 f5 25.Nef6+ Bxf6 26.Nxf6+ Qxf6 27.Qxc6 Kf7 28.
Qxa6 Rxd3 29.Be3 f4 30.Qxb5 fxe3 31.fxe3 Qd8 32.a4 Rd2 33.a5 Qg5 34.Qf1+ 
Kg7 35.Re2 Red8 36.a6 R2d7 37.b4 cxb4 38.cxb4 e4 39.Ree1 Rd3 40.Qf2 Qb5 
41.Rf1 Rf8 42.Qb2+ Kh7 43.Rxf8 Nxf8 44.Rf1 Rd8 45.Rf7+ Kg8 46.Qg7# 1-0